| 000 | 01067nam a2200229Ia 4500 | ||
|---|---|---|---|
| 001 | L251-17903 | ||
| 003 | IT-CnALBA | ||
| 008 | 170116s9999||||xx |||||||||||||| ||und|| | ||
| 040 |
_aIT-CnALBA _cIT-CnALBA |
||
| 041 | _aITALIANO | ||
| 100 | _aBOSSUET JACQUES-BENIGNE VESCOVO DI MEAUX | ||
| 245 | 0 | _aLE GRANDI VERITÀ. | |
| 250 | _a1a ed. | ||
| 260 |
_a BRESCIA _bQUERINIANA EDIT. LIBR. VESC. _c1945 [1° Ed.: n.d.] |
||
| 300 | _a254 p. (prefazione: 7) | ||
| 500 | _aTRADUZIONE DAL FRANCESE DI D. FAUSTINO BOSIO. GIUDIZIO DI DIO. GIUDIZIO FINALE. DIVINITÀ DI GESÙ. PENITENZA: NECESSITÀ, EFFICACIA, ARDORE. CONVERSIONE. SCUSE DEL PECCATORE. MORTE. | ||
| 501 | _aSocietà San Paolo EM - Piazza San Paolo, 14 - 12051 ALBA (CN) (non commercial uses only) ® Copyright 2017 | ||
| 520 | _aTRADUZIONE DAL FRANCESE DI D. FAUSTINO BOSIO. GIUDIZIO DI DIO. GIUDIZIO FINALE. DIVINITÀ DI GESÙ. PENITENZA: NECESSITÀ, EFFICACIA, ARDORE. CONVERSIONE. SCUSE DEL PECCATORE. MORTE. | ||
| 650 | _aPREDICAZIONE - ORATORIA SACRA | ||
| 942 | _cBK | ||
| 957 | _71 | ||
| 999 |
_a22648 _bSI _g Copie: 1 _c277033 _d277033 |
||